000 00634nam a2200229Ia 4500
003 OSt
005 20220923214625.0
006 a|||||r|||| 00| 0
007 ta
008 220922b |||||||| |||| 00| 0 hin d
024 _a171,305
037 _cTextual
040 _aARTS
_cARTS
_bhin
041 _2hin
_ahin
082 _aO152:3N18:12, H9;1
100 _aगुप्त, मन्मथनाथ
245 0 _aदुश्चरित्र
246 _aDushcharitra
260 _c1949
942 _hO152:3N18:12, H9;1
_cTEXL
_2CC
999 _c325528
_d325528